| 000 | 01365nam a22002297a 4500 | ||
|---|---|---|---|
| 999 |
_c59002 _d59002 |
||
| 003 | Ge_BSU | ||
| 005 | 20221028125540.0 | ||
| 008 | 221028s1996 ge ||||| |||| 00| 0 geo d | ||
| 041 | _ageo | ||
| 080 | _a336.71 ს-13 | ||
| 245 |
_aსაბანკო საქმე / _cავტ. კოლ.: ნ.დ. ბელოსტოცკაია, ნ.ი. ვალენცევა და სხვ. ; ლავრუშინის რედ. ; ქართ. თარგმანის რედ.: რ.შ. კაკულია ; მთარგმნ.: თ. გამსახურდია, ნ. იმნაძე]. |
||
| 264 |
_aთბილისი : _bსაქ. ფინან. სამ. გამ-ბა, _c1996. |
||
| 300 |
_a310 გვ. ; _b20 სმ. |
||
| 653 | _a საბანკო საქმე. | ||
| 700 |
_aბელოსტოცკაია, ნ.დ. _eავტორი _915636 |
||
| 700 |
_aვალენცევა, ნ.ი. _eავტორი _915637 |
||
| 700 |
_aლავრუშინი, ო.ი. _eრედაქტორი _915638 |
||
| 700 |
_aკაკულია, რ.შ. _eრედაქტორი _915639 |
||
| 700 |
_aგამსახურდია, თ.გ. _eმთარგმნელი _915640 |
||
| 700 |
_aიმნაძე, ნ.ე. _eმთარგნელი _915641 |
||
| 942 |
_2udc _cBK |
||